|
|
|
|
| LEADER |
00000nam0a2200000 4500 |
| 001 |
249038 |
| 005 |
20231101232436.0 |
| 035 |
|
|
|a (RuTPU)RU\TPU\book\271013
|
| 035 |
|
|
|a RU\TPU\book\270930
|
| 090 |
|
|
|a 249038
|
| 100 |
|
|
|a 20140130d1961 k y0rusy50 ca
|
| 101 |
0 |
|
|a rus
|
| 102 |
|
|
|a RU
|
| 105 |
|
|
|a y z 100zy
|
| 200 |
1 |
|
|a Научно-техническая конференция
|e тезисы докладов
|f Ленинградский технологический институт им. Ленсовета (ЛТИ) ; под ред. П. Г. Романкова
|
| 210 |
|
|
|a Ленинград
|c Госхимиздат
|d 1962
|
| 215 |
|
|
|a 198 с.
|
| 606 |
1 |
|
|a Химия
|2 stltpush
|3 (RuTPU)RU\TPU\subj\17362
|9 43035
|
| 606 |
1 |
|
|a Химическая технология
|x Общие вопросы
|2 stltpush
|3 (RuTPU)RU\TPU\subj\68259
|9 83693
|
| 610 |
1 |
|
|a комплексные соединения
|
| 610 |
1 |
|
|a осаждение
|
| 610 |
1 |
|
|a конференции
|
| 610 |
1 |
|
|a электропроводность
|
| 610 |
1 |
|
|a симметрия
|
| 610 |
1 |
|
|a гальванические покрытия
|
| 610 |
1 |
|
|a физико-химические свойства
|
| 610 |
1 |
|
|a ионообменные свойства
|
| 610 |
1 |
|
|a изомеры
|
| 610 |
1 |
|
|a кислоты
|
| 610 |
1 |
|
|a гидродинамический расчет
|
| 610 |
1 |
|
|a силикаты
|
| 610 |
1 |
|
|a сорбционная техника
|
| 610 |
1 |
|
|a радиохимия
|
| 610 |
1 |
|
|a ядерные превращения
|
| 675 |
|
|
|a 54(063)
|v 3
|
| 675 |
|
|
|a 66(063)
|v 3
|
| 702 |
|
1 |
|a Романков
|b П. Г.
|4 340
|
| 712 |
0 |
2 |
|a Ленинградский технологический институт им. Ленсовета (ЛТИ)
|2 stltpush
|3 (RuTPU)RU\TPU\col\1462
|
| 801 |
|
1 |
|a RU
|b 63413507
|c 20140129
|
| 801 |
|
2 |
|a RU
|b 63413507
|c 20140203
|g RCR
|
| 942 |
|
|
|c BK
|